| 000 | 00419nam a22001577a 4500 | ||
|---|---|---|---|
| 003 | PILC | ||
| 005 | 20160108161400.0 | ||
| 008 | 140227t xxu||||| |||| 00| 0 eng d | ||
| 020 | _a9789713704214 | ||
| 050 |
_aQA 523.1 _b.J399 2012 |
||
| 245 |
_aOffice productivity : _busing ms office 2010 |
||
| 260 |
_aPhilippines : _bJemma Inc., _c2012. |
||
| 300 |
_a414 p. : _bill. ; _c26 cm. |
||
| 942 |
_2lcc _cBK |
||
| 999 |
_c42423 _d42423 |
||